Filmy týždňa Allenove ilúzie

Bibliographic Details
Main Author: Moravčík, Milan (redaktor) (Author)
Format: Article
Language:Slovak
Subjects:

MARC

LEADER 00000nab a2200000 a 4500
001 vtls000466330
003 SK-MaSNL
005 20260303234959.0
008 120926c1992 xo 0 slo
015 |a SNBRB19rr/mm-uuuuu 
035 |a CL0466463 
040 |a SNKBUCL  |b slo  |c SNKBUCL  |e AACR2 
041 0 |a slo 
044 |a xo  |c SK 
080 |a 791.43(73)  |2 1981 
100 1 |a Moravčík, Milan  |c (redaktor)  |4 aut  |9 5073 
245 1 0 |a Filmy týždňa  |b Allenove ilúzie  |c Milan Moravčík ; Woody Allen 
500 |a (Scenár a réžia Woody Allen.) 
650 0 7 |a Tiene a hmla (film USA)  |2 snkbucl  |9 976163 
655 7 |a články z novín a časopisov  |2 snkbucl  |9 267496 
773 0 |t Práca  |g Roč. 47, č. 251 (23. 10. 1992), s. 6 
850 |a Slovenská národná knižnica v Martine  |a MTA001 
852 |a SNK  |b KIS3GCP 
958 |a RK 
992 |a RBX 
999 |c 2523513  |d 2525443